000 00579nam a2200193Ia 4500
005 20260120124442.0
008 008 260114s9999 xx 000 0 eng d
020 _a9781838670856
037 _aEBOOK
040 _aCRL
_beng
_cCRL
041 _aeng
_2eng
084 _qCRL
245 0 _aStructural Approaches to Address Issues in Patient Safety
260 _bEmerald Publishing
_c2019
700 _aSusan D. Moffatt-Bruce
_9906597
856 _uhttps://www.emerald.com/insight/publication/doi/10.1108/S1474-8231201918
942 _cEBOOK
999 _c1498279
_d1498279